000 00723nam a22002177a 4500
005 20250530141746.0
010 _aENG-123840 ENG-145118
020 _a9788185984797
_c350.00
035 _aEN-107372
035 _aEN-128650
037 _bDBAD/PUB
082 _a302.35
100 _aSrinath, T.T.
_981468
245 _aAll the world is a stage /
_cby T.T. Srinath; ed. by Geeta Lama
260 _c2016
_aMadras
_bProductivity & Quality Publishing Private Limited
270 _bMadras
_a38, Thanikachalam Road, T.Nagar,
_e600017
300 _a165p.
_c22cm.(pbk.)
_bill.
500 _aDrama and its evidence in the corporate world
500 _aIt includes references
942 _2ddc
_cEN
_h302.35
_mSRI
999 _c155868
_d155868